Statistics for Guess the WWE Wrestler by their real name

Click here to take the quiz!

General Stats

  • This quiz has been taken 24 times
  • The average score is 15 of 25

Answer Stats

HintAnswer% Correct
Joshua FatuJey Uso
100%
Leati Joseph "Joe" Anoa'iRoman Reigns
100%
Phil BrooksCM Punk
95%
Claudio CastagnoliCesaro
85%
Andrew McLean Galloway IVDrew McIntyre
85%
Ron KillingsR-Truth
85%
Allen JonesAJ Styles
80%
Ettore EwenBig E
80%
Colby LopezSeth Rollins
80%
Pamela MartinezBayley
75%
Fergal DevittFinn Balor
75%
Kanako UraiAsuka
65%
Ashley Elizabeth FliehrCharlotte Flair
65%
Gionna Jene DaddioLiv Morgan
60%
Savelina FaneneNia Jax
60%
Stephen FarrellySheamus
55%
Luis MartinezDamian Priest
50%
Austin WatsonXavier woods
45%
Sesugh UhaaApollo Crews
40%
Trevor MannRiccochet
40%
Thomas PestockBaron Corbin
35%
Theresa SerranoZoey Stark
30%
Matthew FarrellyGrayson Waller
25%
Adam ScherrBraun Stroman
20%
Ashley UrbanskiShotszi
5%

Score Distribution

Percentile by Number Answered

Percent of People with Each Score

Your Score History

You have not taken this quiz